000 01005nam a2200241 a 4500
001 47432
003 BD-RjUL
005 20211209054319.0
008 161112s1990 ii ||||| |||| 00| 0 ben d
020 _c: Tk.200.00
035 _a(BD-RjUL)47551
040 _aBD-RjUL
_bben
_cBD-RjUL
_dBD-RjUL
041 _aben
082 _223
_a954.14
_bKOC 1990
245 0 0 _aকোচবিহারের ইতিহাস /
_cখাঁ চৌধুরী আমানতউল্লা আহমদ সংকলিত
260 _aকলিকাতা :
_bমর্ডান বুক এজেন্সী,
_c১৯৯০
300 _aখন্ড. :
_bচিত্র ;
_c২১ সেমি.
505 _aখন্ড. ১. --
651 _aপশ্চিমবাংলা (ভারত)
_vইতিহাস
_9163487
651 _aWest Bengal (India)
_vHistory
_9163181
700 _aআহমদ, খাঁ চৌধুরী আমানতউল্লা
_9163488
_qসংকলিত
942 _2ddc
_cBK
999 _c47432
_d47432